000 00359nam a2200157Ia 4500
008 100122s9999 xx 000 0 und d
082 _b26998
_a823
100 _aDEAN DUDLEY
245 _aLILA MY LOVELY
250 _a0
260 _bFAWCETT PUBLICATION
_c1960
300 _a220
630 _aLILA MY LOVELY
730 _aLILA MY LOVELY
942 _cBOOK
999 _c368357
_d368354